|
|
|
|
| LEADER |
00000cam a22000004a 4500 |
| 001 |
musev2_68484 |
| 003 |
MdBmJHUP |
| 005 |
20230905051057.0 |
| 006 |
m o d |
| 007 |
cr||||||||nn|n |
| 008 |
100712s1962 mdu o 00 0 eng d |
| 020 |
|
|
|a 9781421433561
|
| 020 |
|
|
|z 9781421433547
|
| 020 |
|
|
|z 9781421433554
|
| 020 |
|
|
|z 9780801804014
|
| 035 |
|
|
|a (OCoLC)1122173461
|
| 040 |
|
|
|a MdBmJHUP
|c MdBmJHUP
|
| 100 |
1 |
|
|a Luard, Evan,
|d 1926-1991.
|
| 245 |
1 |
0 |
|a Britain and China
|
| 264 |
|
1 |
|a Baltimore,
|b Johns Hopkins Press
|c [1962]
|
| 264 |
|
3 |
|a Baltimore, Md. :
|b Project MUSE,
|c 2019
|
| 264 |
|
4 |
|c ©[1962]
|
| 300 |
|
|
|a 1 online resource (258 pages).
|
| 336 |
|
|
|a text
|b txt
|2 rdacontent
|
| 337 |
|
|
|a computer
|b c
|2 rdamedia
|
| 338 |
|
|
|a online resource
|b cr
|2 rdacarrier
|
| 490 |
0 |
|
|a Britain in the world today
|
| 505 |
0 |
|
|a The British assault -- The Chinese rejoinder -- Britain and the Kuomintang -- The coming of the Communists -- The Korean war -- Missionaries -- Merchants -- Geneva and after -- Hong Kong -- The two Chinas -- Chinese aspirations and British interests -- British policy and the future.
|
| 506 |
0 |
|
|a Open Access
|f Unrestricted online access
|2 star
|
| 588 |
|
|
|a Description based on print version record.
|
| 651 |
|
7 |
|a Great Britain.
|2 fast
|0 (OCoLC)fst01204623
|
| 651 |
|
7 |
|a China.
|2 fast
|0 (OCoLC)fst01206073
|
| 651 |
|
6 |
|a Chine
|x Relations exterieures
|z Grande-Bretagne.
|
| 651 |
|
6 |
|a Grande-Bretagne
|x Relations exterieures
|z Chine.
|
| 651 |
|
0 |
|a China
|x Foreign relations
|z Great Britain.
|
| 651 |
|
0 |
|a Great Britain
|x Foreign relations
|z China.
|
| 650 |
|
7 |
|a Diplomatic relations.
|2 fast
|0 (OCoLC)fst01907412
|
| 655 |
|
7 |
|a Electronic books.
|2 local
|
| 710 |
2 |
|
|a Project Muse.
|e distributor
|
| 830 |
|
0 |
|a Book collections on Project MUSE.
|
| 856 |
4 |
0 |
|z Texto completo
|u https://projectmuse.uam.elogim.com/book/68484/
|